Actors Who Worked Together More Than Once Quiz - Statistics

General Stats
  • This quiz has been taken 46 times
  • The average score is 26 of 45
Answer Stats
Movies Actors % Correct
Central Intelligence | DC League of Super Pets | Jumanji: Welcome to the Jungle | Jumanji: The Next Level | Fast and Furious Presents: Hobbs and Shaw Dwayne Johnson | Kevin Hart
81%
Puss in Boots | Puss in Boots: The Last Wish | Hitman's Wife's Bodyguard | Desperado | Once Upon A Time in Mexico | Spy Kids 3-D: Game Over | Frida | Four Rooms Antonio Banderas | Salma Hayek
78%
You've Got Mail | Joe V.S. the Volcano | Sleepless in Seattle Tom Hanks | Meg Ryan
78%
The Matrix | The Matrix: Reloaded | The Matrix: Revolutions | John Wick: Chapter Two | John Wick: Chapter Three: Parabellum | John Wick: Chapter Four Laurence Fishburne | Keanu Reeves
75%
The Greatest Showman | Dune | Dune: Part Two Rebecca Ferguson | Zendaya
75%
The Perfect Score | The Nanny Diaries | The Avengers | Captain America: The Winter Soldier | Avengers: Age of Ultron | Captain America: Civil War | Avengers: Infinity War | Avengers: Endgame Scarlett Johansson | Chris Evans
75%
Bullet Train | The Lost City Brad Pitt | Sandra Bullock | Channing Tatum
72%
Righteous Kill | Heat | The Irishman | The Godfather Part II Al Pacino | Robert De Niro
69%
Good Will Hunting | Air | Dogma | The Last Duel | Jersey Girl | School Ties | Field of Dreams | Glory Daze | Chasing Amy | Jay and Silent Bob Strike Back! | Jay and Silent Bob Reboot | The Third Wheel Ben Affleck | Matt Damon
69%
Swordfish | Movie 43 | X-Men | X-2: X-Men United | X-Men: The Last Stand | X-Men: Days of Future Past Halle Berry | Hugh Jackman
69%
The Greatest Showman | Reminiscence Hugh Jackman | Rebecca Ferguson
67%
Serena | American Hustle | Joy | Silver Linings Playbook Jennifer Lawrence | Bradley Cooper
67%
Goodfellas | A Bronx Tale | The Irishman | Once Upon A Time in America | Casino | Raging Bull Joe Pesci | Robert De Niro
67%
Grown Ups | Grown Ups 2 | Pixels | I Now Pronounce You Chuck and Larry | Hotel Transylvania | Hotel Transylvania 2 | Hotel Transylvania 3: Summer Vacation | Sandy Wexler | Hubie Halloween | You Don't Mess With the Zohan Kevin James | Adam Sandler
67%
Titanic | Revolutionary Road Leonardo Di Caprio | Kate Winslet
67%
Dolittle | Uncharted Tom Holland | Antonio Banderas
67%
Vice | The Fighter | American Hustle Amy Adams | Christian Bale
64%
Burn After Reading | Ocean's Eleven | Ocean's Twelve | Ocean's Thirteen | Confessions of A Dangerous Mind Brad Pitt | George Clooney
64%
The Lake House | Speed Keanu Reeves | Sandra Bullock
64%
The Monuments Men | Ocean's Eleven | Ocean's Twelve | Ocean's Thirteen | Syriana | Confessions of A Dangerous Mind Matt Damon | George Clooney
64%
Crazy, Stupid, Love | La La Land | Gangster Squad Ryan Gosling | Emma Stone
64%
Red Notice | Free Guy | Fast and Furious Presents: Hobbs and Shaw Ryan Reynolds | Dwayne Johnson
64%
Escape Plan | The Expendables | The Expendables 2 | The Expendables 3 Sylvester Stallone | Arnold Schwarzenegger
64%
Days of Thunder | Eyes Wide Shut | Far and Away Tom Cruise | Nicole Kidman
64%
The Wedding Singer | 50 First Dates | Blended Adam Sandler | Drew Barrymore
61%
Playing it Cool | What's Your Number? | Captain America: The Winter Soldier | Avengers: Age of Ultron | Ant-Man | Captain America: Civil War | Avengers: Infinity War | Avengers: Endgame Anthony Mackie | Chris Evans
61%
Money Monster | Ticket to Paradise | Confessions of A Dangerous Mind | Ocean's Eleven | Ocean's Twelve Julia Roberts | George Clooney
61%
The Proposal | Bullet Train Sandra Bullock | Ryan Reynolds
61%
Captain America: Civil War | Chaplin | Spider-Man: Homecoming | Avengers: Endgame | Only You Robert Downey Jr. | Marisa Tomei
58%
Bounce | Shakespeare in Love Ben Affleck | Gwyneth Paltrow
56%
Gigli | Jersey Girl Jennifer Lopez | Ben Affleck
56%
Mistress | The Deer Hunter | The War With Grandpa Christopher Walken | Robert De Niro
53%
X-Men | Flushed Away | X-2: X-Men United | X-Men: The Last Stand | X-Men: Days of Future Past | The Wolverine Ian McKellen | Hugh Jackman
53%
A View From the Top | Thanks For Sharing | The Avengers | Iron Man 3 | Avengers: Infinity War | Avengers: Endgame Gwyneth Paltrow | Mark Ruffalo
50%
Deception | The Greatest Showman Michelle Williams | Hugh Jackman
50%
Red Notice | Criminal Ryan Reynolds | Gal Gadot
50%
Just Go With It | Murder Mystery | Murder Mystery 2 Jennifer Aniston | Adam Sandler
47%
Peaky Blinders (TV Series) | Inception | The Dark Knight Rises | Dunkirk Tom Hardy | Cillian Murphy
47%
Pitch Perfect | Pitch Perfect 2 | Mike and Dave Need Wedding Dates Adam Devine | Anna Kendrick
44%
New Year's Eve | Dirty Grandpa Zac Efron | Robert De Niro
44%
Australia | Happy Feet | Faraway Downs (TV Series) Hugh Jackman | Nicole Kidman
42%
Bram Stroker's Dracula | Destination Wedding | A Scanner Darkly | The Private Lives of Pippa Lee Keanu Reeves | Winona Ryder
36%
Shang-Chi and the Legend of the Ten Rings | The School For Good and Evil Michelle Yeoh | Ben Kingsley
25%
Movie 43 | What's Your Number? | Moms (TV Series) Chris Pratt | Anna Faris
17%
Fantastic Four: Rise of the Silver Surfer | The School For Good and Evil Laurence Fishburne | Kerry Washington
8%
No matching quizzes found
Score Distribution
Percent of People with Each Score
Percentile by Number Answered
Your Score History
You have not taken this quiz